EPF European Polymer Congress, Moscow 2005

Bibliographic Details
Main Author: Borsig, Eberhard, 1936-2022 (Author)
Format: Article
Language:Slovak
ISSN:1336-7242
Subjects:

MARC

LEADER 00000nab a2200000 ar4500
001 vtls008962672
003 SK-MaSNL
005 20260303070728.0
008 070410c2006 xo |||||||||||000 b|slo
015 |a SNBRB2007/04  |2 snkbucl 
038 |a SNKBUCL 
040 |a SNKBUCL  |b slo  |c SNKBUCL  |e AACR2 
041 0 |a slo 
044 |a xo  |c SK 
080 |a 54-126:061.3  |x (4)  |2 1997 
080 |a 678.7 /.8  |2 1997 
100 1 |a Borsig, Eberhard,  |d 1936-2022  |4 aut  |9 39251 
245 1 0 |a EPF European Polymer Congress, Moscow 2005  |c E. Borsig 
610 2 7 |a European Polymer Federation  |2 snkbucl  |9 100376 
611 2 7 |a European Polymer Congress  |d (2005 :  |c Moskva, Rusko)  |2 snkbucl  |9 100374 
650 0 7 |a polyméry  |2 snkbucl  |9 22159 
773 0 |t ChemZi  |g Roč. 2, č. 1 (2006), s. 22  |x 1336-7242 
852 |a SNK  |b KIS3GCP 
999 |c 1756680  |d 1758610